000 01775nam a2200457 i 4500
001 DIGUANDES375
003 NyNyDIG
008 201216s2020 ck a ob 000 0 spa d
006 m o d
007 cr |||||||||||
035 _a(OCoLC)1227307049
040 _aDGITA
_beng
_erda
_epn
_cDGITA
020 _a9789587748697
_qeBook
020 _a9587748697
_qeBook
020 _z9789587748680
_qrústica
020 _z9587748689
_qrústica
050 1 4 _aPN53 ebook
245 0 0 _aEspacios tecnoestéticos de ficción /
_cKaren Aune (autora compiladora)
250 _aPrimera edición.
264 1 _aBogotá, D.C., Colombia :
_bEdiciones Uniandes,
_c[2020]
300 _a1 online resource :
_bcolor illustrations.
336 _atext
_btxt
_2rdacontent
337 _acomputer
_bc
_2rdamedia
338 _aonline resource
_bcr
_2rdacarrier
347 _atext file
_2rdaft
347 _bPDF
500 _a"Universidad de los Andes, Facultad de Arquitectura y Diseño, Departamento de Diseño."
504 _aIncludes bibliographical references.
588 0 _aOnline resource; title from PDF title page (Digitalia, viewed December 18, 2020)
650 0 _aArt and literature.
650 0 _aCreation (Literary, artistic, etc.)
650 0 _aArtistic collaboration.
655 0 _aElectronic books.
700 1 _aAune, Karen,
_d1971-
_eeditor.
791 2 _aDigitalia (Firm),
_edistributor.
776 0 8 _iPrint version:
_tEspacios tecnoestéticos de ficción.
_bPrimera edición.
_dBogotá, D.C., Colombia : Ediciones Uniandes, [2020]
_z9789587748680
793 0 _gDigitalia eBook Collection:
_aUniversidad de los Andes
856 4 0 _3Digitalia Hispánica
_uhttps://www.digitaliapublishing.com/a/68107/
910 _aPremium collection: 2020
942 _cRAA
999 _c262160
_d262160